[Event "Mechanics' Winter TNM; G/2"]
[Site "San Francisco"]
[Date "2017.02.07"]
[Round "6.8"]
[White "Traub, Igor Vladim"]
[Black "Babayan, Gagik"]
[Result "1-0"]
[WhiteElo "2163"]
[BlackElo "1850"]
[PlyCount "67"]
[EventDate "2017.??.??"]

1. d4 Nf6 2. c4 e6 3. Nc3 b6 $2 4. e4 Bb7 5. Bd3 d6 6. f4 Be7 7. Nf3 c5 8. d5
exd5 9. cxd5 a6 10. a4 Qc7 11. b3 Nbd7 12. O-O O-O 13. Bb2 Ng4 14. Qd2 f6 15.
Rae1 Rfe8 16. Nh4 Nf8 17. Nf5 Bc8 18. h3 Bxf5 19. exf5 Nh6 20. Rf3 Qc8 21. g4
Nf7 22. Rfe3 Ra7 23. Qe2 Qc7 24. Bxa6 Qb8 25. Bb5 Ne5 26. fxe5 dxe5 27. Bxe8
Qxe8 28. Ne4 Nd7 29. g5 Qf7 30. Rf1 Qxd5 31. gxf6 gxf6 32. Qg4+ Kh8 33. Rg3 Bf8
34. Rf2 1-0

[Event "Mechanics' Winter TNM; G/2"]
[Site "San Francisco"]
[Date "2017.01.10"]
[Round "2.7"]
[White "Traub, Igor Vladim"]
[Black "Handler, Andrew"]
[Result "1-0"]
[WhiteElo "2163"]
[BlackElo "1817"]
[PlyCount "61"]
[EventDate "2017.??.??"]

1. Nf3 f5 2. g3 Nf6 3. Bg2 e6 4. O-O Be7 5. c4 O-O 6. Nc3 d6 7. d4 a5 8. Qc2
Nc6 9. a3 e5 10. dxe5 dxe5 11. Rd1 Qe8 12. Nb5 Bd8 13. b3 Qh5 14. h4 Ne4 15.
Bb2 Qe8 16. Rxd8 Qxd8 17. Nxe5 Nxe5 18. Bxe5 c6 19. Nc7 Ra7 20. Bxe4 fxe4 21.
Qxe4 Bf5 22. Qe3 Ra8 23. Nxa8 Qxa8 24. Qg5 g6 25. e4 Bxe4 26. Re1 Bf3 27. Bc3
Re8 28. Rxe8+ Qxe8 29. Qf6 Qf8 30. Qh8+ Kf7 31. Qxh7+ 1-0

[Event "Mechanics' Winter TNM; G/2"]
[Site "San Francisco"]
[Date "2017.02.14"]
[Round "7.5"]
[White "Traub, Igor Vladim"]
[Black "Kim, Isaiah"]
[Result "1-0"]
[WhiteElo "2163"]
[BlackElo "1999"]
[PlyCount "65"]
[EventDate "2017.??.??"]

1. Nf3 Nf6 2. d4 e6 3. Bf4 c5 4. e3 Nc6 5. c4 cxd4 6. exd4 Bb4+ 7. Nc3 O-O 8.
Bd3 d5 9. c5 Ne4 10. O-O Bxc3 11. bxc3 f5 12. Qc2 h6 13. Ne5 Ne7 14. f3 Nf6 15.
Rab1 g5 16. Bd2 Qe8 17. g4 Kg7 18. Kg2 Nd7 19. Bb5 Qd8 20. Bxd7 Bxd7 21. Rxb7
Be8 22. f4 fxg4 23. fxg5 Rxf1 24. gxh6+ Kh8 25. Kxf1 Nf5 26. Qd3 Qh4 27. Kg2
Bh5 28. c6 Rg8 29. c7 g3 30. h3 Qf6 31. Be1 Nh4+ 32. Kg1 Nf3+ 33. Nxf3 1-0

[Event "Mechanics' Winter TNM; G/2"]
[Site "San Francisco"]
[Date "2017.02.21"]
[Round "8.2"]
[White "Traub, Igor Vladim"]
[Black "Winslow, Elliott C"]
[Result "0-1"]
[WhiteElo "2163"]
[BlackElo "2312"]
[Annotator "Winslow,E"]
[PlyCount "54"]
[EventDate "2017.??.??"]

1. d4 {Not at all expected!} Nf6 2. c4 {Nor this!} g6 3. Nc3 Bg7 4. e4 d6 5.
Nf3 O-O 6. h3 {Nor this!} e5 7. dxe5 {Had he noticed that Derek O'Connor
played this against me in Round 4? Was I going to see something new? Had I
inadvertently tricked him into playing this by not doing a better job of
researching the opening for my bulletin write-up?} dxe5 8. Bg5 (8. Qxd8 Rxd8 9.
Bg5 c6 $5 {[%emt 0:00:04] O'Connor-Winslow, Winter TNM 2017 Rd} (9... Na6 $5 {
see below}) (9... Re8) (9... Nbd7)) 8... Na6 $5 ({
I am unable to explain how I overlooked that} 8... Nbd7 {
makes excellent sense with the queens still on...}) 9. Qxd8 Rxd8 $5 {see below}
10. Nd5 Rd6 11. Bxf6 (11. Nd2 c6 $10) (11. Bd3 $6 Nc5 12. Bc2 Ncxe4 (12...
Nfxe4 $2 13. Be3 a5 14. Nxc7 $16) 13. Nxc7 Nxg5 14. Nxa8 Ne6 15. Rd1 $5 (15.
O-O $6 e4 $1 $17 (15... b6 $2 16. Rad1 Rxd1 17. Rxd1 Bb7 18. Nxb6 axb6 19. Rd6
Bxf3 20. gxf3 Nd4 21. Bd1 b5 22. f4 $16)) 15... Rxd1+ 16. Bxd1 b6 17. c5 bxc5
18. Bb3 $44 {Gagarin}) 11... Bxf6 12. b4 $5 {(Confession: the only lines I've
actually put on a board before are Kotronias' "last line" 12.Rc1 b6!? (in his
Grandmaster Repertoire book on the Classical KID) 13.b4 Bd8!} (12. Nxf6+ Rxf6 {
looks like it's heading for a draw? Hah! Black scored 8 wins and 2 draws from
10 games in Mega2015. (10 wins 5 draws in the online db.)} 13. Rd1 Nc5 $1 (
13... Be6 $6 14. Nxe5 Re8 15. f3 $16) 14. Rd8+ {
(This looks like the way for White to keep it together.)} (14. Rd5 $6 b6 15.
Rxe5 Bb7 16. Nd2 Rd6 17. b4 Nd7 18. Rg5 Nf6 19. f3 Rad8 20. e5 Rxd2 21. exf6
Rd1+ 22. Ke2 R8d2+ 23. Ke3 Rxa2 24. h4 Re1+ 25. Kf4 h6 26. Re5 Rxe5 27. Kxe5
Ra1 28. Kf4 a5 {0-1 (28) Eichhorn, A (2120)-Sebenik,M (2482) St Veit 2009})
14... Kg7 15. Nxe5 (15. Nd2 $6 a5 16. Be2 Ne6 17. Rd5 Nf4 18. Rxe5 Nxg2+ 19.
Kf1 Nf4 20. h4 Rd6 21. Nb3 a4 22. Nc1 Rd2 23. Rb5 Rc2 24. Nd3 Nxe2 25. Ne1 Rd2
26. Nf3 Rd1+ {0-1 (26) Couspeyre,T (1200)-Ermolaev,M (2127) LSS email 2013})
15... Nxe4 16. Be2 Re6 $1 (16... Rxf2 $6 17. Bf3 Ng3 18. Kxf2 Nxh1+ 19. Kg1 Ng3
20. Bd5 $44) (16... Nxf2 $6 17. O-O Ne4 18. Bf3 $44) (16... Rd6 17. Rxd6 Nxd6
18. O-O {Â1/2-Â1/2 Gagarin,V-Larsen,H, Gyor 1990.}) 17. Nd3 (17. Ng4 $2 Ng3 $1
18. fxg3 Rxe2+ 19. Kxe2 Bxg4+ 20. hxg4 Rxd8 $17) (17. Nf3 $15) 17... Rd6 (17...
Nd6 18. Nf4) 18. Re8 {Â1/2-Â1/2 Gagarin,V-Lozenko URS (cht-I) 1991} (18. Rxd6
Nxd6 $15) 18... Re6 19. Rd8 Rd6 20. Re8 {
Â1/2-Â1/2 Gagarin,V-Lozenko URS (cht-I) 1991}) (12. O-O-O {
was the earlier popular move} Kg7 (12... b6 13. b4 (13. Nxf6+ Rxf6 14. Nxe5
Rxf2 15. Nd3 Rf6 16. Be2 $13) 13... Bb7 14. a3 Bg7 15. Be2 Re8 16. h4 h5 17.
Rhe1 Bf8 18. g3 Kg7 19. Nd2 c6 20. Nc3 Red8 $15 {^^/} 21. Nb3 Rxd1+ 22. Rxd1
Rxd1+ 23. Nxd1 Nc7 $5 (23... c5 24. b5 Nc7 25. Nc3 Ne6 26. Nd5 Nd4 27. Bd1 $1
$15) 24. Nb2 (24. Nc3 Ne6 25. Kd2 c5 26. b5 Nd4 $15) 24... c5 $1 25. bxc5 Bxe4
{1/2-1/2 (55) Damljanovic,B (2555)-Popovic,P (2555) Tivat 1995 CBM 048 ext
[Gagarin]}) 13. Rd2 (13. b4 c6 (13... c5 14. b5 Nb4 $13) 14. Nxf6 (14. c5 $2
Rxd5 $1 (14... Rd8 15. Nxf6 Rxd1+ 16. Kxd1 Kxf6 17. Bxa6 bxa6 18. Kc2 $13 {
Kocovski,I-Golubev,M/YUG/1991/0:1/31/}) 15. exd5 Nxb4 $17 {
Arkhipov, S-Grechihin,V/Tallinn/1981/} 16. dxc6 (16. d6 Nxa2+ 17. Kc2 Be6 18.
Nd2 Nb4+ 19. Kc1 Bd5 20. h4 b6 21. Rh3 bxc5 22. Nc4 e4 23. Kd2 Rd8 24. Ra3 a6
25. f3 exf3 26. gxf3 Bxh4 {
0-1 (26) Anastasian,A (2520)-Akopian,V (2620) Yerevan 1996}) 16... Nxa2+ 17.
Kb2 Nb4 18. cxb7 Bxb7 19. Kb3 a5 20. Bc4 Bc6 21. Rd6 Rb8 22. Kc3 e4+ 23. Rxf6
Kxf6 24. Nd4 Rd8 25. Nxc6 Nxc6 26. Re1 Ke5 27. Bxf7 Rf8 28. Bc4 Rxf2 29. Bd3
Kd5 30. Bxe4+ Kxc5 31. Bf3 Ra2 32. Kb3 Nb4 33. Re5+ Kb6 34. Re6+ Kc5 35. Re5+
Kb6 36. Re7 Rd2 37. Rxh7 Rd6 38. Rb7+ Ka6 39. Kc4 Nd3 40. Re7 Kb6 41. Rb7+ Ka6
42. Rb1 Rd8 43. Bb7+ Ka7 44. Be4 Ne5+ 45. Kc5 g5 46. Rb7+ Ka6 47. Re7 Nd3+ 48.
Kc6 a4 49. Bxd3+ Rxd3 50. Kc5 Rg3 51. Re8 {
1/2-1/2 (51) Al Saffar,A (2336)-Nameer,N (2219) Baghdad 2011}) 14... Rxd1+ 15.
Kxd1 Kxf6 16. a3 c5 17. b5 Nc7 $15) (13. Be2 Be6 $10 {4 games}) 13... Rd7 14.
g4 c6 $10 {Ljubojevic,L-Ree,H/Amsterdam/1981/0,5/20/}) (12. Rc1 b6 $5 (12...
Bd8 13. c5 Re6 14. a3 Kg7 15. h4 c6 16. Bxa6 (16. Ne3 $5) 16... cxd5 17. Bd3
dxe4 18. Bxe4 f5 $15 {Grivas,E-Ilincic,Z/Varna/1994/0:1/33/}) (12... c5 $5 $10)
13. b4 (13. c5 Nxc5 14. Nxc7 Rc6 (14... Rb8) 15. Nxa8 Nd3+ 16. Kd2 Rxc1 17. Rg1
Bb7 18. Bxd3 (18. Nxb6 Rxf1 $1) 18... Rxg1 19. Nxg1 Bxa8 $11 {"should be a
draw, but obviously Black has a reason to continue in his two bishops"
(Kotronias)}) 13... Bd8 $1 14. c5 (14. a3 c6 15. Ne3 f6 (15... c5 16. b5 Nc7
17. Nxe5 Bb7 18. Be2 Bg5 19. Rc3 Bxe4 20. Bf3 Bxf3 21. Nxf3 Bxe3 22. Rxe3 a6
23. bxa6 Rxa6 24. O-O Ne6 25. Rb1 Nd4 26. Nxd4 Rxd4 27. Rc3 Kg7 28. Kf1 h5 29.
Ke2 h4 30. Rbb3 f5 31. Rb5 Kh6 32. Rb2 Kg5 33. Rd2 Ra4 34. Rxd4 cxd4 35. Rb3
Rxc4 36. Kd3 Ra4 37. Rxb6 Rxa3+ {
1/2-1/2 (37) Grivas,E (2509)-Nijboer,F (2578) Wijk aan Zee 2008}) 16. c5 bxc5
17. bxc5 Ba5+ 18. Ke2 Rd8 19. Nc4 Bc7 20. Ncd2 Rb8 21. Ke3 Kf8 22. Rc2 Nxc5 23.
Rxc5 Bb6 24. Nb3 Bxc5+ 25. Nxc5 Rb1 26. Nd2 Re1+ {
0-1 (26) Grivas, E (2520)-Ivanchuk,V (2715) Iraklion 2004}) 14... bxc5 15. bxc5
Re6 (15... Rc6 $5 16. Bc4 (16. Nxe5 $6 Rxc5) (16. Bxa6 $6 Bxa6) (16. Kd2 $5)
16... Rxc5 17. O-O c6 18. Bxa6 Rxc1 19. Rxc1 Bxa6 20. Rxc6 Bd3 (20... Bb7 $146
21. Rd6 Rc8 22. Nxe5 Bxd5 23. Rxd5 Bb6 $11 {Kotronias}) 21. Nc3 Bb6 22. Nxe5
Rd8 23. Nd5 Bxe4 24. Nf6+ Kg7 25. Nxe4 Re8 26. Nc4 Rxe4 27. Nxb6 Re1+ 28. Kh2
axb6 29. Rxb6 Re2 30. Kg3 Rxa2 {
1/2-1/2 (30) Arnaudov,P (2347)-Bojkov,D (2477) Blagoevgrad 2009}) 16. c6 Rb8 $1
17. Bc4 ({"Weaker is:"} 17. h4 Nb4 $1 18. Nxb4 Rxb4 19. Bc4 Re8 20. O-O Bg4 21.
Ng5 Rf8 22. f4 h6 23. Nf3 exf4 24. Ne5 Rxc4 $1 25. Rxc4 (25. Nxc4 Bxh4 $15)
25... Be2 26. Ra4 Bxf1 27. Kxf1 Re8 28. Nd3 Kg7 29. Nxf4 Bxh4 30. Nd5 Re6 $15 {
"Black eventually prevailed" (Kotronias)} 31. Nxc7 Rxc6 32. Rxa7 Rf6+ 33. Kg1
Bf2+ 34. Kh2 Rc6 35. Rb7 Bd4 36. Nd5 Be5+ 37. Kh3 Ra6 38. Ne3 Ra3 39. Rb3 Rxa2
40. Nc4 Bf4 41. g3 Bg5 42. Rb7 Ra6 43. Rd7 Re6 44. Kg2 h5 45. Kf3 Be7 46. Rc7
g5 47. Rd7 Kg6 48. Rd5 g4+ 49. Ke3 Bg5+ 50. Kd3 Bf6 51. Rd6 Rxd6+ 52. Nxd6 h4
53. gxh4 Bxh4 54. e5 Bg3 55. Nc4 Kf5 56. Kd4 Bf2+ 57. Kd3 Bc5 58. Ke2 Ke6 {
0-1 (58) Can,E (2519)-Cheparinov,I (2682) Albena 2014}) 17... Kg7 (17... Nc5
18. Nc3 Re8 19. O-O $13 {(Kotronias)}) 18. O-O Rxc6 (18... f6 19. Bb3 Rd6 20.
Rfd1 Be6 21. Nd2 Bxd5 22. Bxd5 Be7 23. Nc4 Rdd8 24. Na5 Rb4 25. g3 h5 26. h4
Rf8 27. Kg2 Rb6 28. Nb7 Kh6 29. Rc2 Ba3 30. Rc4 Bb4 31. Rc2 {
1/2-1/2 (33) Baranowski,T (2318)-Deghose,M (2259) LSS email 2010} Ba3 32. Rc4
Bb4 33. Rc2 {1/2-1/2 (33) Baranowski,T (2318)-Deghose,M (2259) LSS email 2010})
19. Nxe5 Re6 20. f4 c6 $13 {"The position was complicated, but I prefer Black
in view of his two bishops" (Kotronias)} 21. Ne3 Bb6 22. Rf3 Rf6 23. Kh1 Nc5
24. N3g4 {1/2-1/2 (24) Calder,D-Littke,H (2053) GER email 2011}) (12. Be2 Bg7
$10) 12... b6 $5 {Only played once before but it could be the new wave.} ({
SF8 settles into giving this move the nod:} 12... c6 13. Nxf6+ Rxf6 14. a3 c5
15. b5 Nc7 16. Be2 (16. Rd1 Re6 $1 17. Rd8+ Kg7 18. Kd2 (18. g4 f6 19. g5 Re8
$15) (18. h4 f6 $15) (18. Be2 f6 19. O-O Re8 $15) 18... Re7 19. Kc3 Ne6 20. Rd5
f6 21. Bd3 b6 $15 {Bely-Buturin,V/URS/1986/0:1/26/}) 16... Re6 17. O-O-O Re8
$10 {
Larsen,B-Hellers,F/Esbjerg/1988/; Skembris,S-Van Wely,L/Gausdal/1993/0:1/42/})
13. c5 $4 {I must have the curse on Igor: he has now twice uncharacteristicly
blundered material early in both our games.} (13. b5 Nc5 14. Nxc7 Rb8 15. Ne8
Re6 16. Nxf6+ Rxf6 17. Nxe5 Nxe4 18. Be2 Re6 19. Nc6 {
[%eval 4794,0] Â1/2-Â1/2 Vladislav Loktayev - Jan Krabbenbos, BL-2013-F-0012})
13... Rxd5 {A surprisingly frequent shot.} 14. exd5 e4 15. Bxa6 Bxa6 16. Rb1
exf3 17. b5 fxg2 18. Rg1 Re8+ 19. Kd2 Bc8 20. cxb6 axb6 21. Rxg2 Rd8 22. Rg3
Rxd5+ 23. Ke1 Bf5 24. Rbb3 Be5 25. Rge3 Bc2 26. Rb4 Bd6 27. Rc4 Bd3 0-1

[Event "Mechanics' Spring TNM; G/2"]
[Site "San Francisco"]
[Date "2017.05.02"]
[Round "8.4"]
[White "Tsodikova, Natalya"]
[Black "Bayaraa, Chinguun"]
[Result "1/2-1/2"]
[WhiteElo "2210"]
[BlackElo "2134"]
[PlyCount "88"]
[EventDate "2017.??.??"]

1. d4 Nf6 2. c4 g6 3. Nc3 d5 4. cxd5 Nxd5 5. g3 Bg7 6. Bg2 Nxc3 7. bxc3 O-O 8.
e3 c5 9. Ne2 Qc7 10. O-O Rd8 11. a4 Nc6 12. Ba3 cxd4 13. cxd4 Bg4 14. h3 Bxe2
15. Qxe2 Qd7 16. Rab1 Rab8 17. d5 Na5 18. Qb5 b6 19. Qxd7 Rxd7 20. Rfc1 f5 21.
Rc2 Rbd8 22. Rbc1 Nb3 23. Re1 Be5 24. Rb1 Na5 25. g4 Kf7 26. gxf5 gxf5 27. e4
f4 28. h4 Rg8 29. Kf1 Kf6 30. Bh3 Rdd8 31. Ke2 Rg7 32. Bb2 Bxb2 33. Rbxb2 Ke5
34. Kf3 Nb7 35. Rc7 Nc5 36. Rxa7 Rd6 37. Bf5 Nd3 {Diagram [#]} 38. Rb3 $2 (38.
Rb1 $1 $18) 38... Ne1+ 39. Ke2 Nc2 $11 40. Rb2 Nd4+ 41. Kd3 Nxf5 42. exf5 Kxf5
43. Kc4 f3 44. Rd2 Kf6 1/2-1/2

[Event "Mechanics' Fall TNM; G/2 d5"]
[Site "San Francisco"]
[Date "2017.11.21"]
[Round "5.20"]
[White "Tsodikova, Natalya"]
[Black "Casares Jr, Nick"]
[Result "1-0"]
[WhiteElo "2202"]
[BlackElo "1600"]
[PlyCount "63"]
[EventDate "2017.??.??"]

1. d4 d5 2. c4 c6 3. Nf3 Nf6 4. g3 h6 5. Bg2 e6 6. O-O Be7 7. Nc3 O-O 8. Qd3
dxc4 9. Qxc4 Nd5 10. e4 b5 11. Qb3 Nb6 12. Rd1 a5 13. Ne5 b4 14. Na4 Nxa4 15.
Qxa4 Bb7 16. Be3 Qe8 17. Rac1 f6 18. Nd3 Nd7 19. Qb3 Bd6 20. Bh3 Kf7 21. Bf4 a4
22. Qc2 Bxf4 23. Nxf4 g5 24. Nxe6 Rg8 25. e5 Nf8 26. Nc7 Qe7 27. Nxa8 Bxa8 28.
exf6 Qxf6 29. Qc4+ Kg7 30. Bg2 Ne6 31. d5 cxd5 32. Bxd5 1-0

[Event "Mechanics' Winter TNM; G/2"]
[Site "San Francisco"]
[Date "2017.02.21"]
[Round "8.5"]
[White "Tsodikova, Natalya"]
[Black "Delgado, David"]
[Result "1-0"]
[WhiteElo "2210"]
[BlackElo "1603"]
[PlyCount "109"]
[EventDate "2017.??.??"]

1. d4 d5 2. c4 e6 3. Nf3 Nf6 4. g3 Be7 5. Bg2 O-O 6. O-O b6 7. Nc3 Bb7 8. Ne5
Nbd7 (8... Na6) 9. cxd5 Nxd5 10. Nxd5 exd5 11. Nd3 Nf6 12. b3 Re8 13. Bb2 Bd6
14. Rc1 Qe7 15. e3 Ba6 16. Re1 Ne4 17. Qc2 Bxd3 18. Qxd3 Qe6 19. f3 Ng5 20. e4
dxe4 21. fxe4 Nh3+ 22. Bxh3 Qxh3 23. e5 Bb4 24. Rf1 Rac8 25. Qf3 Bd2 26. Qxf7+
Kh8 27. Rcd1 Be3+ 28. Kh1 Qg4 29. Qf3 Qxf3+ 30. Rxf3 Bg5 31. d5 Kg8 32. h4 Bh6
33. Kg2 Rf8 34. Rxf8+ Kxf8 35. Ba3+ Ke8 36. e6 Rd8 37. e7 Rd7 38. Rf1 Rxe7 39.
Bxe7 Kxe7 40. Kf3 Bd2 41. Ke4 Kd6 42. Rf7 Bc3 43. g4 h6 44. g5 hxg5 45. hxg5 a5
46. Rf3 Bb2 47. Rf2 Bc3 48. Rc2 Ba1 49. Rc6+ Kd7 50. Kf5 Bd4 51. Kg6 Ke7 52.
Re6+ Kd7 53. Kf7 Ba1 54. Rg6 Be5 55. Rxg7 1-0

[Event "Mechanics' Spring TNM; G/2"]
[Site "San Francisco"]
[Date "2017.03.14"]
[Round "1.3"]
[White "Tsodikova, Natalya"]
[Black "Dupree, Charles"]
[Result "1-0"]
[WhiteElo "2210"]
[BlackElo "1636"]
[PlyCount "57"]
[EventDate "2017.??.??"]

1. d4 Nf6 2. c4 e6 3. g3 Bb4+ 4. Bd2 a5 5. Bg2 d5 6. Nf3 O-O 7. O-O b6 8. Bg5
Nbd7 9. c5 h6 10. Bc1 a4 11. a3 Ba5 {Diagram [#]} 12. c6 $1 Nb8 13. Qxa4 Qd6
14. Ne5 Ne8 15. Bf4 g5 16. Nxf7 Qxc6 17. Qxc6 Nxc6 18. Nxh6+ Kh7 19. Bxg5 Nxd4
20. Be7 Rh8 21. Ng4 Nb3 22. Ra2 Ba6 23. Nc3 Bc4 24. Ne5 Nd2 25. Nxc4 Bxc3 26.
Nxd2 Bxd2 27. e3 c5 28. Rd1 Ra7 29. Bxc5 1-0

[Event "Mechanics' Fall TNM; G/2 d5"]
[Site "San Francisco"]
[Date "2017.12.05"]
[Round "7.7"]
[White "Tsodikova, Natalya"]
[Black "Gray, William"]
[Result "1-0"]
[WhiteElo "2202"]
[BlackElo "1983"]
[PlyCount "61"]
[EventDate "2017.??.??"]

1. d4 d6 2. c4 e5 3. d5 Nf6 4. Nc3 Nbd7 5. e4 Nc5 6. Qc2 a5 7. Nf3 Be7 8. Be2
O-O 9. O-O h6 10. Be3 Nfd7 11. b3 Bg5 12. Nxg5 hxg5 13. a3 a4 14. b4 Nb3 15.
Rad1 Nd4 16. Bxd4 exd4 17. Rxd4 Ne5 18. c5 Qf6 19. Rdd1 Bd7 20. Nb5 Rac8 21.
Nd4 Rfe8 22. c6 bxc6 23. dxc6 Be6 24. Nxe6 Rxe6 25. b5 Rce8 26. b6 cxb6 27. c7
Rc8 28. Ba6 g4 29. Bxc8 Nf3+ 30. gxf3 gxf3 31. Kh1 1-0

[Event "Mechanics' Fall TNM; G/2 d5"]
[Site "San Francisco"]
[Date "2017.10.24"]
[Round "1.5"]
[White "Tsodikova, Natalya"]
[Black "Greene, Sam"]
[Result "1-0"]
[WhiteElo "2202"]
[BlackElo "1625"]
[PlyCount "50"]
[EventDate "2017.??.??"]

1. d4 Nf6 2. c4 d6 3. Nc3 g6 4. Nf3 Bg7 5. e4 O-O 6. Be2 c5 7. d5 Nbd7 8. O-O
Ne8 9. Be3 a6 10. Qd2 Qa5 11. Bh6 Bxc3 12. bxc3 Ng7 13. Ne1 Ne5 14. f4 Ng4 15.
Bg5 f6 16. Bh4 Bd7 17. h3 Nh6 18. g4 Nf7 19. Nf3 Rfe8 20. Rab1 b5 21. Rb2 Rab8
22. e5 dxe5 23. fxe5 Nd8 24. d6 $1 exd6 25. exf6 Nge6 {
White is better and went on to win. Remaining moves unavailable.} 1-0

[Event "Mechanics' Winter TNM; G/2"]
[Site "San Francisco"]
[Date "2017.01.31"]
[Round "5.5"]
[White "Tsodikova, Natalya"]
[Black "Ismakov, Arthur"]
[Result "0-1"]
[WhiteElo "2210"]
[BlackElo "2068"]
[PlyCount "29"]
[EventDate "2017.??.??"]

1. e4 d5 2. e5 c5 3. Nf3 Nc6 4. d3 Bg4 5. Bf4 Qc7 6. h3 Bxf3 7. Qxf3 e6 8. Qe3
Nge7 9. Na3 Nf5 10. Qd2 g5 11. Bh2 a6 12. Be2 Nxe5 13. Qxg5 Bd6 14. c3 h5 15.
Nc2 {Black later won. Remaining moves unavailable.} 0-1

[Event "Mechanics' Spring TNM; G/2"]
[Site "San Francisco"]
[Date "2017.03.28"]
[Round "3.3"]
[White "Tsodikova, Natalya"]
[Black "Kim, Isaiah"]
[Result "0-1"]
[WhiteElo "2210"]
[BlackElo "2060"]
[PlyCount "78"]
[EventDate "2017.??.??"]

1. d4 Nf6 2. c4 e6 3. g3 Bb4+ 4. Bd2 Qe7 5. Bg2 Nc6 6. Nf3 Bxd2+ 7. Nbxd2 O-O
8. O-O d6 9. e4 e5 10. d5 Nb8 11. b4 a5 12. a3 Na6 13. Qb3 Bd7 14. Rfc1 b6 15.
Ne1 h5 16. Nd3 h4 17. Qc3 hxg3 18. hxg3 Ng4 19. bxa5 f5 20. axb6 cxb6 21. Re1
Qg5 22. Ra2 Rf6 23. exf5 Qh5 24. Nf1 Bxf5 25. f3 Bxd3 26. Qxd3 Nh6 27. g4 Qh4
28. Qe3 Nc5 29. Bh1 Rf4 30. Rh2 Qf6 31. Ng3 Qf7 32. Nh5 Rxc4 33. Nxg7 Nxg4 34.
fxg4 Rxg4+ 35. Bg2 Qxg7 36. Kh1 Rg3 37. Qe2 Rf8 38. Bh3 Qg6 39. Be6+ Nxe6 0-1

[Event "Mechanics' Winter TNM; G/2"]
[Site "San Francisco"]
[Date "2017.01.17"]
[Round "3.15"]
[White "Tsodikova, Natalya"]
[Black "Melville, Cailen"]
[Result "1-0"]
[WhiteElo "2210"]
[BlackElo "1730"]
[PlyCount "43"]
[EventDate "2017.??.??"]

1. d4 e6 2. c4 b6 3. Nc3 Bb7 4. e4 Bb4 5. Bd3 f5 6. d5 fxe4 7. Bxe4 Nf6 8. Bf3
O-O 9. Nge2 e5 10. O-O Qe8 11. Ne4 Nxe4 12. Bxe4 a5 13. Qd3 g6 14. Bh6 Rf6 15.
Bg5 Rf8 16. a3 Be7 $4 {Diagram [#]} (16... Bd6) 17. Bxe7 Qxe7 18. d6 $1 Bxe4
19. Qxe4 Qxd6 20. Qxa8 c6 21. b4 Qd3 22. Ng3 1-0

[Event "Mechanics' Fall TNM; G/2 d5"]
[Site "San Francisco"]
[Date "2017.11.07"]
[Round "3.17"]
[White "Tsodikova, Natalya"]
[Black "Schneider, Stephen"]
[Result "1-0"]
[WhiteElo "2202"]
[BlackElo "1402"]
[Annotator "Winslow,E"]
[PlyCount "40"]
[EventDate "2017.??.??"]

1. d4 d5 2. c4 dxc4 3. Nf3 Bf5 $6 4. Nc3 c6 $2 5. e4 Bg6 6. Bxc4 e6 7. O-O Nf6
8. d5 $1 (8. Re1) (8. Qe2) 8... exd5 9. exd5 Be7 10. Bf4 Ne4 11. Nxe4 Bxe4 12.
d6 Bxf3 13. Qxf3 O-O 14. dxe7 Qxe7 15. Rfe1 Qb4 16. Re4 Qxb2 17. Be5 b6 18. Rg4
(18. Qf6 $1) 18... Nd7 19. Rxg7+ Kh8 20. Rxh7+ (20. Rg8+ $1) 20... Kxh7 {and}
1-0

[Event "Mechanics' Spring TNM; G/2"]
[Site "San Francisco"]
[Date "2017.04.11"]
[Round "5.4"]
[White "Tsodikova, Natalya"]
[Black "Sevall, Jacob"]
[Result "1-0"]
[WhiteElo "2210"]
[BlackElo "2048"]
[Annotator "Donaldson"]
[PlyCount "95"]
[EventDate "2017.??.??"]

1. d4 d5 2. c4 c6 3. Nf3 Nf6 4. g3 g6 5. Bg2 Bg7 6. O-O dxc4 7. a4 O-O 8. Na3
Be6 9. Ng5 Bd5 10. e4 h6 11. exd5 hxg5 12. dxc6 Nxc6 13. Nxc4 Qxd4 14. Qb3 Qc5
15. Be3 Nd4 16. Bxd4 Qxd4 17. Rac1 Rab8 18. Rfd1 Qg4 19. Ne3 Qh5 20. Qb4 Qe2
21. Rd2 Qa6 22. Qxe7 Qxa4 23. Nd5 Nxd5 24. Bxd5 Qe8 25. Qxg5 Rd8 26. Rcd1 Rd7
27. Qg4 $1 (27. Qxg6 $4 Rxd5) 27... Re7 28. Qxg6 Re1+ 29. Kg2 Rxd1 30. Rxd1 Qe2
31. Qd3 Qxd3 32. Rxd3 Bxb2 33. Rb3 Be5 34. Rxb7 Kg7 35. f4 Bd4 36. g4 a5 37. h4
a4 38. Rb4 Bf6 39. h5 Kh6 40. Rxa4 Bd8 41. Ra6+ f6 42. Kf3 Kg7 43. Ra7+ Kh6 44.
Be4 Rh8 45. Bg6 Bb6 46. Rd7 Ba5 47. Ke4 Bc3 48. Kf5 1-0

[Event "Mechanics' Spring TNM; G/2"]
[Site "San Francisco"]
[Date "2017.04.18"]
[Round "6.3"]
[White "Tsodikova, Natalya"]
[Black "Walder, Michael S"]
[Result "1-0"]
[WhiteElo "2210"]
[BlackElo "2100"]
[PlyCount "99"]
[EventDate "2017.??.??"]

1. d4 Nf6 2. c4 g6 3. Nc3 d5 4. cxd5 Nxd5 5. g3 Bg7 6. Bg2 Nb6 7. Nf3 Nc6 8. e3
O-O 9. O-O Re8 10. Qe2 e5 11. dxe5 Nxe5 12. Nxe5 Bxe5 13. f4 Bg7 14. e4 c6 15.
Be3 Be6 16. Rad1 Qc8 17. Qf2 Nc4 18. Bd4 Bg4 19. Bxg7 Bxd1 20. Rxd1 Kxg7 21.
Qd4+ Ne5 22. fxe5 Qe6 23. Qd6 Qxe5 24. Qxe5+ Rxe5 25. Rd7 b5 26. Ne2 a6 27. Nf4
Kf8 28. Nd3 Re7 29. Rd6 Re6 30. Rxe6 fxe6 31. Kf2 a5 32. e5 Rc8 33. Nc5 Ke7 34.
Nxe6 c5 35. Bb7 Rb8 36. Nxc5 Rd8 37. Ke3 Rd1 38. Nd3 g5 39. a3 Rb1 40. Kd4 b4
41. axb4 axb4 42. Be4 h6 43. Bf5 Rf1 44. g4 h5 45. Nxb4 Rd1+ 46. Nd3 h4 47. h3
Rb1 48. b4 Rb3 49. Kc4 Ra3 50. b5 1-0

[Event "Mechanics' Winter TNM; G/2"]
[Site "San Francisco"]
[Date "2017.01.03"]
[Round "1.3"]
[White "Tsodikova, Natalya"]
[Black "Weingarten, Daniel"]
[Result "1-0"]
[WhiteElo "2210"]
[BlackElo "1658"]
[PlyCount "33"]
[EventDate "2017.??.??"]

1. d4 d5 2. c4 e6 3. Nf3 Nf6 4. g3 Bd6 5. Nc3 c6 6. Bg2 O-O 7. O-O Re8 8. b3
Nbd7 9. Bb2 Qe7 10. Re1 Ba3 11. Bxa3 Qxa3 12. Nd2 Qb4 13. Qc2 Nf8 14. e4 h6 15.
exd5 cxd5 16. cxd5 Qxd4 17. Nb5 1-0

[Event "Mechanics' Summer TNM; G/2 d5"]
[Site "San Francisco"]
[Date "2017.06.13"]
[Round "4.22"]
[White "Tuck, Drew"]
[Black "Anderson, Michael"]
[Result "0-1"]
[WhiteElo "1607"]
[BlackElo "1905"]
[Annotator "Winslow"]
[PlyCount "106"]
[EventDate "2017.??.??"]

1. e4 c5 2. Nf3 e6 3. d4 cxd4 4. Nxd4 a6 5. Nc3 b5 6. a3 Bb7 7. g3 f5 $6 (7...
Nf6) (7... d6) 8. Bg2 Nf6 9. O-O fxe4 10. Bg5 Be7 11. Bxf6 Bxf6 12. Nxe4 Bc6 (
12... Bxe4 13. Bxe4 Ra7 14. c3) 13. Nd6+ Kf8 $2 (13... Ke7) 14. Re1 (14. a4) (
14. c3) (14. Nxc6 Nxc6 15. a4) (14. Qh5) 14... Bxd4 15. Qxd4 Bxg2 16. Kxg2 Nc6
$18 17. Qg4 $6 (17. Qd3) (17. Qd2) (17. Qc3) (17. Qe3) 17... h5 (17... Qe7) (
17... Kg8) 18. Qg6 Qf6 19. Qxf6+ (19. Qd3 Qd4) 19... gxf6 20. Rad1 f5 $6 (20...
Ra7 $11) 21. f4 h4 22. Nb7 Ke7 23. Re2 Ra7 24. Nc5 Nb8 25. Red2 Rc8 26. b4 a5
27. Rd6 axb4 28. axb4 hxg3 29. hxg3 Rc6 30. R6d2 d6 31. Rh1 Kf6 32. Nb3 Ra2 33.
Nd4 Rc4 34. Rh8 Na6 35. Nxb5 Rcxc2 36. Rxc2 Rxc2+ 37. Kf3 d5 38. Rh6+ Kf7 39.
Rxe6 Nxb4 40. Re5 Kg6 41. Nd4 Rc4 42. Nxf5 d4 $18 43. Re4 $4 Kxf5 44. g4+ Kf6
45. g5+ Kf7 46. Kg4 Nc6 47. f5 Rc5 48. Kf4 d3 49. Re1 d2 50. Rd1 Rd5 51. Kg4
Ne5+ 52. Kh5 Rd3 53. Kh6 Rh3# 0-1